El costumbrismo complaciente y el costumbrismo doliente : (Record no. 180302)
[ view plain ]
| 000 -LEADER | |
|---|---|
| campo de control de longitud fija | 01325nam a2200253 i 4500 |
| 001 - NÚMERO DE CONTROL | |
| campo de control | 180302 |
| 003 - IDENTIFICADOR DE NÚMERO DE CONTROL | |
| campo de control | ES-MaACL |
| 005 - FECHA Y HORA DE LA ÚLTIMA TRANSACCIÓN | |
| campo de control | 20250806062553.0 |
| 008 - DATOS DE LONGITUD FIJA--INFORMACIÓN GENERAL | |
| campo de control de longitud fija | 120525s2010 sp |||| | spa d |
| 080 ## - NÚMERO DE LA CLASIFICACIÓN DECIMAL UNIVERSAL | |
| Número de la Clasificación Decimal Universal | 821.134.2-09.07"18" |
| 100 1# - ENTRADA PRINCIPAL--NOMBRE DE PERSONA | |
| Nombre de persona | Huertas Vázquez, Eduardo |
| 9 (RLIN) | 64577 |
| 245 13 - MENCIÓN DEL TÍTULO | |
| Título | El costumbrismo complaciente y el costumbrismo doliente : |
| Resto del título | Larra y Mesoreno Romanos = The indulgent "costumbrismo" and the bereaved "costumbrismo" (litterary genre dealing with local customs) : Larra and Mesonero Romanos / |
| Mención de responsabilidad, etc. | por Eduardo L. Huertas Vázquez. |
| 246 31 - FORMA VARIANTE DEL TITULO | |
| Título propio/Titulo breve | The indulgent "costumbrismo" and the bereaved "costumbrismo" (litterary genre dealing with local customs): |
| Resto del título | Larra and Mesonero Romanos |
| 260 ## - PUBLICACIÓN, DISTRIBUCIÓN, ETC. | |
| Lugar de publicación, distribución, etc. | Madrid : |
| Nombre del editor, distribuidor, etc. | Consejo Superior de Investigaciones Científicas, |
| Fecha de publicación, distribución, etc. | 2010. |
| 300 ## - DESCRIPCIÓN FÍSICA | |
| Extensión | P. [375]-405 ; |
| Dimensiones | 24 cm. |
| 504 ## - NOTA DE BIBLIOGRAFÍA, ETC. | |
| Nota de bibliografía, etc. | Referencias bibliográficas. |
| 595 ## - | |
| -- | Separata de: Anales del Instituto de Estudios Madrileños, v. 50, 2010, p.[375]-405. |
| 600 14 - PUNTO DE ACCESO ADICIONAL DE MATERIA--NOMBRE DE PERSONA | |
| Nombre de persona | Mesonero Romanos, Ramón de, |
| Fechas asociadas al nombre | 1803-1882- |
| Subdivisión general | Crítica e interpretación |
| 9 (RLIN) | 80674 |
| 600 17 - PUNTO DE ACCESO ADICIONAL DE MATERIA--NOMBRE DE PERSONA | |
| Nombre de persona | Larra, Mariano José de, |
| Fechas asociadas al nombre | 1809-1837- |
| Subdivisión general | Crítica e interpretación |
| Fuente del encabezamiento o término | |
| 9 (RLIN) | 140327 |
| 610 24 - PUNTO DE ACCESO ADICIONAL DE MATERIA--NOMBRE DE ENTIDAD CORPORATIVA | |
| Nombre de entidad corporativa o nombre de jurisdicción como elemento de entrada | Instituto de Estudios Madrileños |
| 9 (RLIN) | 4916 |
| 650 #4 - PUNTO DE ACCESO ADICIONAL DE MATERIA--TÉRMINO DE MATERIA | |
| Término de materia o nombre geográfico como elemento de entrada | Costumbrismo- |
| Subdivisión geográfica | España. |
| 9 (RLIN) | 150124 |
| 852 ## - LOCALIZACIÓN | |
| Ubicación | ES-MaACL |
| Número de control de estantería | 2297-F-39 |
| Estatus retirado | Estado de pérdida | Estado de daño | No para préstamo | Colección | Biblioteca de origen | Biblioteca actual | Ubicación en estantería | Fecha de adquisición | Fuente de adquisición | Total de préstamos | Signatura topográfica completa | Código de barras | Visto por última vez | Precio de reemplazo | Tipo de ítem Koha |
|---|---|---|---|---|---|---|---|---|---|---|---|---|---|---|---|
| Colección de folletos | Biblioteca del Ateneo de Madrid | Biblioteca del Ateneo de Madrid | Depósito folletos | 25/05/2012 | 2297-F-39 | 1189456 | 23/02/2023 | 23/02/2023 | Folleto |
